000 00674nam a2200253Ia 4500
003 OSt
005 20220925233650.0
006 a|||||r|||| 00| 0
007 ta
008 220923b |||||||| |||| 00| 0 eng d
020 _a818052065X
037 _cGeneral Book
040 _aRTL
_cRTL
_beng
041 _2eng
_aeng
082 _aV2:51y7,N5, P6
100 _aTandon B G
245 0 _aRaj orators
260 _a New Delhi
_bAne Books India
_c2006
300 _axiv,482p
_ccm.
500 _aBibliography P 475-480
650 _aHistory India Freedom
_9235402
942 _hV2:51y7,N5, P6
_cGB
_2CC
999 _c594197
_d594197